04028cam a2200385 i 450000100090000000300040000900500170001300800410003001000170007102000250008802000220011302000260013503500240016104000750018504200140026005000220027408200180029610000350031424501080034925000330045730000230049050000350051350400670054850502810061552023030089665000480319965000510324765000540329865000570335265000570340965000600346665000450352665000460357170000250361718348643OSt20170105101156.0141025t20142013nyu b 001 0 eng d a 2014415643 a9780307947055 (pbk.) a030794705X (pbk.) z9780307961105 (ebook) a(OCoLC)ocn853244456 aYDXCPbengerdacYDXCPdBTCTAdBDXdMLYdTAMCTdJ2HdCHVBKdOCLCOdDLC alccopycat00aHM851b.S264 201404a303.48/332231 aSchmidt, Eric,d1955 April 27-14aThe new digital age :btransforming nations, businesses, and our lives /cEric Schmidt and Jared Cohen. aFirst Vintage Books Edition. a351 pages ;c21 cm a"With a new afterword"--Cover. aIncludes bibliographical references (pages 285-337) and index.0 aIntroduction -- Our Future Selves -- The Future of Identity, Citizenship and Reporting -- The Future of States -- The Future of Revolution -- The Future of Terrorism -- The Future of Conflict, Combat and Intervention -- The Future of Reconstruction -- Conclusion -- Afterword. aIn collaboration, two leading global thinkers from in technology and foreign affairs from Google give readers their widely anticipated, transformational vision of the future: a world where everyone is connected, a world full of challenges and benefits that are ours to meet and to harness. With their combined knowledge and experiences, the authors are uniquely positioned to take on some of the toughest questions about our future: Who will be more powerful in the future, the citizen or the state? Will technology make terrorism easier or harder to carry out? What is the relationship between privacy and security, and how much will we have to give up to be part of the new digital age? In this they combine observation and insight to outline the promise and peril awaiting us in the coming decades. This is a forward-thinking account of where our world is headed and what this means for people, states and businesses. With the confidence and clarity of visionaries, the authors illustrate just how much we have to look forward to, and beware of, as the greatest information and technology revolution in human history continues to evolve. On individual, community and state levels, across every geographical and socioeconomic spectrum, they reveal the dramatic developments both good and bad, that will transform both our everyday lives and our understanding of self and society, as technology advances and our virtual identities become more and more fundamentally real. As their nuanced vision of the near future unfolds, an urban professional takes his driverless car to work, attends meetings via hologram and dispenses housekeeping robots by voice; a Congolese fisherwoman uses her smart phone to monitor market demand and coordinate sales (saving on costly refrigeration and preventing overfishing); the potential arises for "virtual statehood" and "Internet asylum" to liberate political dissidents and oppressed minorities, but also for tech-savvy autocracies (and perhaps democracies) to exploit their citizens' mobile devices for ever more ubiquitous surveillance. Along the way, we meet a cadre of international figures, including Julian Assange, who explain their own visions of our technology-saturated future. This book is an analysis of how our hyper-connected world will soon look. 0aDigital mediaxSocial aspectsxForecasting. 0aDigital mediaxPolitical aspectsxForecasting. 0aDigital electronicsxSocial aspectsxForecasting. 0aDigital electronicsxPolitical aspectsxForecasting. 0aInformation technologyxSocial aspectsxForecasting. 0aInformation technologyxPolitical aspectsxForecasting. 0aComputers and civilizationxForecasting. 0aTechnology and civilizationxForecasting.1 aCohen, Jared,d1981-